| 000 | 01249nam a2200265Ia 4500 | ||
|---|---|---|---|
| 005 | 20220317001127.0 | ||
| 008 | 160825s2006 ck a g 000 0 spa | ||
| 020 | _a97895830065012 | ||
| 082 | 0 | 4 |
_a794.1 _bG72a |
| 100 | 1 | _aGreiff Bravo, Luis de | |
| 245 | 1 | 0 |
_aAjedrez _bleyes aprobadas en el Congreso de FIDE en 2000 en Estambul, Turquía _cBoris de Greiff B. |
| 250 |
_a1a edición _b6a reimpresión |
||
| 300 |
_a97 páginas _bilustraciones _c16 cm |
||
| 490 | _aReglamento oficial ilustrado | ||
| 500 | _aIncluye apéndices | ||
| 505 | _aReglas de juego: Naturaleza de objetivos del juego. Posición inicial de las piezas en el tablero. Movimiento de las piezas. Acción de mover las piezas. Partida terminada -- Reglas de torneo: Reloj de ajedrez. Irregularidades. Anotación de las jugadas. Partida tablas. Juego rápido a "finish". Puntuación. Conducta de los jugadores. Función del árbitro. FIDE. | ||
| 650 | 1 | 4 |
_2LEMB _aAjedrez _vReglamentos |
| 650 | 1 | 4 |
_2LEMB _aAjedrez _xEstrategias y técnicas |
| 942 |
_2ddc _cBK |
||
| 264 |
_aBogotá _bPanamericana _c2006 |
||
| 336 |
_atexto _btxt _2rdacontent |
||
| 337 |
_asin mediación _bn _2rdamedia |
||
| 338 |
_avolumen _bnc _2rdacarrier |
||
| 040 |
_aCO-BoRNBP _bspa _erda _cCO-BoRNBP |
||
| 999 |
_c6009 _d6009 |
||